[Event "Thematic 1"]
[Site "SchemingMind.com"]
[Date "2021.06.07"]
[Round "-"]
[White "maro"]
[Black "Chessibelle"]
[Result "1-0"]
[WhiteCountry "MEX"]
[BlackCountry "ENG"]
[WhiteElo "1386"]
[WhiteRD "70"]
[BlackElo "1080"]
[BlackRD "59"]
[GameID "712300"]

1. a3 e5 2. b4 a6 3. Nc3 c6 4. e4 g6 5. Bb2 Ne7 6. Nf3 d6 7. Bc4 Be6 8. Bxe6 fxe6 9. Ng5 Qd7 10. Qf3 Ng8
11. Na4 Qc7 12. Nxe6 Qe7 13. Qh3 Nd7 14. Nc7+ Kf7 15. Nxa8 Ngf6 16. Qb3+ d5 17. Nc7 Bh6 18. exd5 Qd6 19. dxc6+ Ke7 20. cxd7 Qxc7
21. Nc5 Kd8 22. Ne6+ Kxd7 23. Nxc7 Kxc7 24. Bxe5+
1-0

[Event "Thematic 1"]
[Site "SchemingMind.com"]
[Date "2021.06.07"]
[Round "-"]
[White "Chessibelle"]
[Black "maro"]
[Result "1-0"]
[WhiteCountry "ENG"]
[BlackCountry "MEX"]
[WhiteElo "1029"]
[WhiteRD "58"]
[BlackElo "1360"]
[BlackRD "63"]
[GameID "712301"]

1. a3 e5 2. e4 d5 3. Bd3 d4 4. Nf3 Bg4 5. Be2 Nf6 6. O-O Nxe4 7. g3 Bh3 8. Re1 Bc5 9. d3 Nd6 10. Nbd2 Nd7
11. c3 dxc3 12. Ne4 Nxe4 13. dxe4 O-O 14. Ng5 Bxf2+ 15. Kxf2 Qf6+ 16. Bf3 Rad8 17. Nxh3 h6 18. bxc3 Nc5 19. Qe2 Nd3+ 20. Kg1 Nxe1
21. Qxe1 Qxf3 22. Bb2 Rd7 23. c4 Rfd8 24. Nf2 Rd2 25. Bxe5 f6 26. Bxc7 R8d7 27. Bf4 Re2 28. Qf1 g5 29. Bb8 h5 30. Rc1 h4
31. g4 f5 32. gxf5 Re3 33. c5 Rxa3 34. Qc4+ Kg7 35. Qe6 Rf7 36. Qg6+ Kf8 37. Bd6+ Ke8 38. Qe6+ Kd8 39. Qxf7 Qe3 40. Qe7+ Kc8
41. Qc7#
1-0

[Event "Thematic 1"]
[Site "SchemingMind.com"]
[Date "2021.06.19"]
[Round "-"]
[White "Abstract Actuary"]
[Black "maro"]
[Result "1-0"]
[WhiteCountry "USA"]
[BlackCountry "MEX"]
[WhiteElo "1867"]
[WhiteRD "83"]
[BlackElo "1360"]
[BlackRD "63"]
[GameID "712455"]

1. a3 e5 2. b4 d5 3. Bb2 Nc6 4. e3 e4 5. c4 dxc4 6. Bxc4 Nf6 7. Ne2 Bg4 8. h3 Bxe2 9. Qxe2 a6 10. Nc3 b5
11. Nxb5 axb5 12. Bxb5 Qd6 13. Qc4 Rd8 14. Qxc6+ Qxc6 15. Bxc6+ Nd7 16. O-O f6 17. b5 Bc5 18. Rfc1 Kf7 19. Bxd7 Rxd7 20. Rxc5 Kg6
21. a4 Rxd2 22. Bd4
1-0

[Event "Thematic 1"]
[Site "SchemingMind.com"]
[Date "2021.06.19"]
[Round "-"]
[White "maro"]
[Black "Abstract Actuary"]
[Result "0-1"]
[WhiteCountry "MEX"]
[BlackCountry "USA"]
[WhiteElo "1360"]
[WhiteRD "63"]
[BlackElo "1867"]
[BlackRD "83"]
[GameID "712456"]

1. a3 c5 2. Nc3 Nc6 3. Nf3 d6 4. e3 g6 5. Bb5 a6 6. Bc4 b5 7. Be2 Bg7 8. O-O Nf6 9. d4 c4 10. d5 Nb8
11. e4 Bb7 12. Be3 Nbd7 13. b3 cxb3 14. cxb3 Rc8 15. Rc1 Nc5 16. b4 Ncxe4 17. Nxe4 Nxe4 18. Bd4 Rxc1 19. Qxc1 Bxd4 20. Nxd4 Bxd5
21. Nc6 Qc7 22. Qb2 O-O 23. Nd4 Rc8 24. Bg4 f5 25. Be2 Qc3 26. Qxc3 Rxc3 27. f3 Nd2 28. Rd1 Nc4 29. Re1 e5 30. Bxc4 bxc4
31. Ne2 Rxa3
0-1

[Event "Thematic 1"]
[Site "SchemingMind.com"]
[Date "2021.06.14"]
[Round "-"]
[White "Abstract Actuary"]
[Black "Chessibelle"]
[Result "1-0"]
[WhiteCountry "USA"]
[BlackCountry "ENG"]
[WhiteElo "1850"]
[WhiteRD "83"]
[BlackElo "1080"]
[BlackRD "59"]
[GameID "712457"]

1. a3 e5 2. b4 d6 3. Bb2 Nc6 4. c4 Be6 5. e3 Nf6 6. Nc3 g6 7. d4 Bd7 8. Bd3 Be7 9. d5 Nb8 10. Nge2 O-O
11. O-O c6 12. e4 Bg4 13. f3 Bd7 14. Ng3 Qc8 15. Qd2 Kh8 16. h4 Rg8 17. Nd1 Be8 18. Nf2 a6 19. Qh6 Bf8 20. Qg5 Nbd7
21. Ng4 Nh5 22. Nxh5 gxh5 23. Qxh5 Qd8 24. f4 Be7 25. fxe5 f6 26. exf6 Bxh5 27. fxe7+ Rg7 28. exd8=Q+ Rxd8 29. Ne3 Ne5 30. Bxe5 Kg8
31. Bxg7 Kxg7 32. g4 Be8 33. Nf5+ Kf6 34. Nxd6+ Ke7 35. Nxe8 Rxe8 36. Rf3 Rg8 37. g5 Ke8 38. Kh2 Kd7 39. Raf1 Kc7 40. c5 b6
41. Rf7+ Kc8 42. Rf8+
1-0

[Event "Thematic 1"]
[Site "SchemingMind.com"]
[Date "2021.06.14"]
[Round "-"]
[White "Chessibelle"]
[Black "Abstract Actuary"]
[Result "0-1"]
[WhiteCountry "ENG"]
[BlackCountry "USA"]
[WhiteElo "1141"]
[WhiteRD "61"]
[BlackElo "1846"]
[BlackRD "78"]
[GameID "712458"]

1. a3 c5 2. e3 Nc6 3. Nc3 d5 4. Be2 e5 5. d3 Bd6 6. Nf3 Bf5 7. O-O Nge7 8. e4 dxe4 9. dxe4 Bg6 10. Re1 O-O
11. Bd2 Nd4 12. Bd3 a6 13. Be3 b5 14. g3 Nec6 15. Bg5 f6 16. Be3 Qd7 17. Nd5 Qg4 18. Be2 Nxe2+ 19. Qxe2 Bxe4 20. Kg2 Bxd5
21. h3 Qxf3+ 22. Kf1 Qh1#
0-1

[Event "Thematic 1"]
[Site "SchemingMind.com"]
[Date "2021.06.14"]
[Round "-"]
[White "surfnsuds"]
[Black "Abstract Actuary"]
[Result "0-1"]
[WhiteCountry "USA"]
[BlackCountry "USA"]
[WhiteElo "1304"]
[WhiteRD "74"]
[BlackElo "1850"]
[BlackRD "83"]
[GameID "712468"]

1. a3 c5 2. e4 Nc6 3. b4 cxb4 4. axb4 Nxb4 5. c3 Nc6 6. Nf3 d6 7. Bb5 a6 8. Bxc6+ bxc6 9. Na3 Nf6 10. d3 g6
11. Rb1 Bg7 12. c4 O-O 13. Ng5 Qa5+ 14. Bd2 Qxa3 15. Bb4 Qa2 16. O-O a5 17. Bc3 Qa3 18. Rb3 Qc5 19. h3 Qxg5 20. Qe2 Bxh3
21. Qf3 Bg4 22. Qe3 Qxe3 23. fxe3 a4 24. Rb4 a3 25. Rc1 Nd7 26. d4 c5 27. Rb3 Rfb8 28. Rxb8+ Nxb8 29. dxc5 Bxc3 30. Rxc3 a2
0-1

[Event "Thematic 1"]
[Site "SchemingMind.com"]
[Date "2021.06.14"]
[Round "-"]
[White "Abstract Actuary"]
[Black "surfnsuds"]
[Result "1-0"]
[WhiteCountry "USA"]
[BlackCountry "USA"]
[WhiteElo "1850"]
[WhiteRD "83"]
[BlackElo "1304"]
[BlackRD "74"]
[GameID "712469"]

1. a3 d5 2. b4 e6 3. Bb2 a5 4. b5 Nf6 5. a4 Bd6 6. Nf3 c6 7. d3 Qb6 8. Bd4 Qd8 9. Nbd2 O-O 10. c4 c5
11. Bb2 d4 12. e3 Re8 13. exd4 e5 14. dxe5 Bc7 15. Be2 Ng4 16. h3 Nxe5 17. O-O Nxf3+ 18. Bxf3 Ra7 19. Ne4 Re6 20. Nxc5 Rd6
21. Re1 Bb6 22. Ne4 Rxd3 23. Qe2 Bf5 24. Ng3 Rd2 25. Qe8+ Qxe8 26. Rxe8#
1-0

[Event "Thematic 1"]
[Site "SchemingMind.com"]
[Date "2021.06.19"]
[Round "-"]
[White "surfnsuds"]
[Black "maro"]
[Result "1-0"]
[WhiteCountry "USA"]
[BlackCountry "MEX"]
[WhiteElo "1292"]
[WhiteRD "70"]
[BlackElo "1360"]
[BlackRD "63"]
[GameID "712470"]

1. a3 e5 2. b4 g6 3. Bb2 Nc6 4. Nf3 Nf6 5. Nxe5 Bg7 6. d4 O-O 7. d5 Nxe5 8. Bxe5 d6 9. Bc3 Bd7 10. f3 c6
11. e4 cxd5 12. exd5 Rc8 13. Qd3 Ba4 14. Be2 Re8 15. O-O a6 16. Re1 Bb5 17. Qd2 Bxe2 18. Rxe2 Rxe2 19. Qxe2 Qb6+ 20. Kf1 Re8
21. Qd2 Qb5+ 22. Kg1 Re2 23. Qd1 Nxd5 24. Bxg7 Kxg7 25. Qd4+ Kg8 26. Nc3 Nxc3 27. Qxc3 Qb6+ 28. Kh1 Qf2 29. Rg1 Rxc2 30. Qa1 Ra2
31. Qc1 Rxa3 32. Qxa3 d5 33. Qc1 d4 34. Qa1 d3 35. Re1
1-0

[Event "Thematic 1"]
[Site "SchemingMind.com"]
[Date "2021.06.19"]
[Round "-"]
[White "maro"]
[Black "surfnsuds"]
[Result "0-1"]
[WhiteCountry "MEX"]
[BlackCountry "USA"]
[WhiteElo "1360"]
[WhiteRD "63"]
[BlackElo "1292"]
[BlackRD "70"]
[GameID "712471"]

1. a3 d5 2. d4 Nf6 3. Nc3 e6 4. Bf4 Nc6 5. e3 Bd6 6. Nf3 Bxf4 7. exf4 O-O 8. Bb5 Ne4 9. Nxe4 dxe4 10. Ng5 Nxd4
11. a4 Nxb5 12. axb5 Qd5 13. Qh5 Qf5 14. O-O h6 15. g4 Qxf4 16. Nh3 Qd2 17. g5 Kh7 18. Rad1 g6 19. Qh4 Qe2 20. Qxh6+ Kg8
21. Nf4 Qg4+ 22. Kh1 Qxf4 23. c3 b6 24. f3 Bb7 25. Rd4 Qe5 26. Re1 Qxb5 27. fxe4 Qxb2 28. Rd7 Qxc3 29. Qh4 Rfe8 30. Rf1 Qc4
31. Rdxf7 Qxe4+ 32. Qxe4 Bxe4+ 33. Kg1 c5 34. h4 Bd5 35. R7f6 Kg7 36. Rf7+ Kg8 37. h5 Rf8 38. Rxf8+ Rxf8
0-1

[Event "Thematic 1"]
[Site "SchemingMind.com"]
[Date "2021.06.15"]
[Round "-"]
[White "surfnsuds"]
[Black "Chessibelle"]
[Result "1-0"]
[WhiteCountry "USA"]
[BlackCountry "ENG"]
[WhiteElo "1304"]
[WhiteRD "74"]
[BlackElo "1080"]
[BlackRD "59"]
[GameID "712472"]

1. a3 Nc6 2. b4 e5 3. Bb2 d6 4. d4 g6 5. d5 Nce7 6. e4 Bd7 7. Ne2 Bg7 8. Ng3 Nc8 9. Nd2 Nf6 10. Bd3 O-O
11. O-O a6 12. Nc4 c6 13. f3 Nh5 14. Nxh5 Bh8 15. Ng3 f5 16. Ne2 b5 17. Na5 Ra7 18. dxc6 Qb6+ 19. Kh1 Be8 20. Nc3 Ne7
21. Nd5 Qd8 22. Nxe7+ Qxe7 23. Be2 Rc7 24. Qd5+ Bf7 25. Qd2 Bg7 26. Rad1 Rd8 27. Qc3 d5 28. exd5 Bxd5 29. Bc1 f4 30. Rd3 Bf7
31. Rxd8+ Qxd8 32. Qc5 Bd5 33. Rd1 h5 34. Rxd5 Qf6 35. Qb6 Qf7 36. Qxa6 Qxd5 37. Bxb5 Qd1+ 38. Bf1 Qxc1 39. Nb3 Qxc2 40. Nc5 g5
41. Kg1 g4 42. Qb6 Rc8 43. Qb7 Rf8 44. c7 gxf3 45. Ne6 Qd1 46. Nxf8 Qd4+ 47. Kh1 Qd1 48. Qxf3 Qd6 49. Qb7 Qd1 50. Qf3 Qc1
51. Ne6 Bf6 52. Nc5 Kg7 53. c8=Q Qe1 54. Qfb7+ Kg6 55. Qe8+ Kg5 56. Qg8+ Kh4 57. g3+ fxg3 58. Qc4+ Kg5 59. h4+ Kg6 60. Qbf7+ Kh6
61. Qxf6+ Kh7 62. Qcf7#
1-0

[Event "Thematic 1"]
[Site "SchemingMind.com"]
[Date "2021.06.14"]
[Round "-"]
[White "Chessibelle"]
[Black "surfnsuds"]
[Result "0-1"]
[WhiteCountry "ENG"]
[BlackCountry "USA"]
[WhiteElo "1141"]
[WhiteRD "61"]
[BlackElo "1343"]
[BlackRD "73"]
[GameID "712473"]

1. a3 d5 2. d4 e5 3. e3 Nc6 4. g3 Nf6 5. c3 Bd6 6. Nf3 e4 7. Nfd2 Bd7 8. Bg2 Bg4 9. f3 exf3 10. Nxf3 Ne4
11. b4 b5 12. Bb2 Qf6 13. O-O O-O 14. Nbd2 Rae8 15. Re1 Re6 16. Rf1 Qe7 17. Re1 Nf6 18. Nf1 a5 19. Qd3 Na7 20. Ng5 Re8
21. Bxd5 g6 22. Bc1 Nxd5 23. Bd2 Qxg5 24. e4 Qh5 25. h4 Nc6 26. exd5 Qxd5 27. Ne3 Qf3 28. Qf1 Qxg3+ 29. Ng2 Qh2+ 30. Kf2 Rf6+
0-1

[Event "Thematic 1"]
[Site "SchemingMind.com"]
[Date "2021.07.14"]
[Round "-"]
[White "surfnsuds"]
[Black "mochiron"]
[Result "1/2-1/2"]
[WhiteCountry "USA"]
[BlackCountry "JPN"]
[WhiteElo "1317"]
[WhiteRD "76"]
[BlackElo "1336"]
[BlackRD "87"]
[GameID "713277"]

1. a3 e5 2. d4 e4 3. f3 exf3 4. exf3 d5 5. Nc3 Bf5 6. Bd3 Bxd3 7. Qxd3 Nf6 8. Nge2 Be7 9. O-O O-O 10. Bf4 Nc6
11. Rae1 Bd6 12. Bg5 h6 13. Bxf6 Qxf6 14. Ng3 Rae8 15. Nh5 Qg5 16. g4 Rxe1 17. Rxe1 Qh4 18. Re2 g6 19. Ng3 Bxg3 20. hxg3 Qxg3+
21. Kf1 f5 22. gxf5 g5 23. Rg2 Qd6 24. Rf2 Qf4 25. Ne2 Qd6 26. Kg2 Rf6 27. c4 h5 28. c5 Qd7 29. Ng3 h4 30. Nf1 Rxf5
31. Ne3 h3+ 32. Kg3 Rf6 33. Ng4 Qf5 34. Nxf6+ Qxf6 35. Kxh3 Ne7 36. Kg4 Qf4+ 37. Kh3 Nf5 38. Kg2 Ne3+ 39. Kg1 Qg3+ 40. Kh1 Qh3+
41. Kg1 Qg3+ 42. Kh1 Qh3+=
1/2-1/2

[Event "Thematic 1"]
[Site "SchemingMind.com"]
[Date "2021.07.14"]
[Round "-"]
[White "mochiron"]
[Black "surfnsuds"]
[Result "0-1"]
[WhiteCountry "JPN"]
[BlackCountry "USA"]
[WhiteElo "1390"]
[WhiteRD "91"]
[BlackElo "1316"]
[BlackRD "75"]
[GameID "713278"]

1. a3 d5 2. h3 e5 3. e3 f5 4. Be2 Bd6 5. d3 Nf6 6. Nc3 Nc6 7. Nf3 O-O 8. h4 f4 9. exf4 e4 10. dxe4 dxe4
11. Ng5 h6 12. Nb5 hxg5 13. hxg5 Nd5 14. Bh5 Bxf4 15. Bxf4 Rxf4 16. Bg6 Rg4 17. Bh7+ Kf7 18. g6+ Kf6 19. Nd4 Rxg2 20. Nxc6 bxc6
21. Qd4+ Ke6 22. Qxe4+ Kd6 23. Qxg2 Qe7+ 24. Kf1 Nf4 25. Qg3 Qe2+ 26. Kg1 Ke5 27. Rh5+ Qxh5 28. Re1+ Kf5 29. Bg8 Nh3+ 30. Kf1 Qg4
31. Re5+ Kxg6 32. Qd3+ Bf5 33. Rxf5 Kh6 34. Be6 g6 35. Qe3+ Ng5 36. Rf3 Qxf3
0-1

[Event "Thematic 1"]
[Site "SchemingMind.com"]
[Date "2021.07.14"]
[Round "-"]
[White "mochiron"]
[Black "Abstract Actuary"]
[Result "0-1"]
[WhiteCountry "JPN"]
[BlackCountry "USA"]
[WhiteElo "1336"]
[WhiteRD "87"]
[BlackElo "1814"]
[BlackRD "77"]
[GameID "713279"]

1. a3 c5 2. Nf3 Nc6 3. Nc3 d6 4. e4 g6 5. Bb5 Bd7 6. Bxc6 Bxc6 7. O-O Bg7 8. d3 Nf6 9. d4 Nxe4 10. Nxe4 Bxe4
11. d5 Bf5 12. Re1 O-O 13. c3 Re8 14. c4 Qb6 15. Nh4 Bd7 16. Re3 e6 17. dxe6 fxe6 18. h3 Re7 19. Rb3 Qc7 20. Rg3 Rf8
21. Rxg6 hxg6 22. Nxg6 Bc6 23. Nxe7+ Qxe7 24. Be3 Bxb2 25. Qg4+ Kf7 26. Qh5+ Kg8 27. Rb1 Bg7 28. Bh6 Qf7 29. Qxf7+ Rxf7 30. Bxg7 Rxg7
31. g4 d5 32. cxd5 exd5 33. Re1 Kf7 34. f4 d4 35. f5 c4 36. Kf2 Rg8 37. Kg3 d3 38. h4 d2 39. Rd1 c3 40. g5 Ba4
41. Rxd2 cxd2
0-1

[Event "Thematic 1"]
[Site "SchemingMind.com"]
[Date "2021.07.14"]
[Round "-"]
[White "Abstract Actuary"]
[Black "mochiron"]
[Result "1-0"]
[WhiteCountry "USA"]
[BlackCountry "JPN"]
[WhiteElo "1814"]
[WhiteRD "77"]
[BlackElo "1336"]
[BlackRD "87"]
[GameID "713280"]

1. a3 e6 2. b4 d5 3. Bb2 Nf6 4. Nf3 Bd6 5. e3 O-O 6. c4 dxc4 7. Bxc4 Nc6 8. O-O h6 9. Nc3 Bd7 10. Rc1 Ng4
11. h3 Nge5 12. Be2 Nxf3+ 13. Bxf3 Ne5 14. Be2 Ng6 15. Bd3 Ne5 16. Bb1 c6 17. Ne4 Be7 18. Qc2 Ng6 19. f4 f5 20. Nc5 Bxc5
21. Qxc5 e5 22. fxe5 Nh4 23. Ba2+ Kh8 24. e6 Qg5 25. Rf2 Be8 26. e7 Rf7 27. Bxf7 b6 28. Qe5 Ng6 29. Qxg7#
1-0

[Event "Thematic 1"]
[Site "SchemingMind.com"]
[Date "2021.07.14"]
[Round "-"]
[White "mochiron"]
[Black "maro"]
[Result "0-1"]
[WhiteCountry "JPN"]
[BlackCountry "MEX"]
[WhiteElo "1336"]
[WhiteRD "87"]
[BlackElo "1314"]
[BlackRD "62"]
[GameID "713281"]

1. a3 e5 2. Nf3 e4 3. e3 Nf6 4. Nd4 d5 5. Bb5+ Bd7 6. Bxd7+ Nfxd7 7. Nc3 Nc6 8. Nxc6 bxc6 9. O-O Bd6 10. d3 O-O
11. dxe4 Qh4 12. g3 Qf6 13. exd5 cxd5 14. Nxd5 Qe5 15. f4 Qe4 16. Nc3 Qg6 17. Nb5 Nc5 18. Nxd6 cxd6 19. b4 Ne4 20. Bb2 Rfe8
21. f5 Qh6 22. Rf4 Nf6 23. Bxf6 Qxf6 24. c4 Rxe3 25. Rc1 Rxa3 26. c5 dxc5 27. Rxc5 Rd8 28. Qc1 Rad3 29. Rf1 Qd4+ 30. Kh1 Qxb4
31. Rc8 Qb7+ 32. Rc6 R8d6 33. Kg1 Rxc6 34. Qe1 Qb6+ 35. Kg2 Rc2+ 36. Kh3 Qh6+ 37. Kg4 Rc4+ 38. Rf4 Rxf4+ 39. gxf4 Qh3+ 40. Kg5 f6#
0-1

[Event "Thematic 1"]
[Site "SchemingMind.com"]
[Date "2021.07.14"]
[Round "-"]
[White "maro"]
[Black "mochiron"]
[Result "0-1"]
[WhiteCountry "MEX"]
[BlackCountry "JPN"]
[WhiteElo "1321"]
[WhiteRD "59"]
[BlackElo "1390"]
[BlackRD "91"]
[GameID "713282"]

1. a3 e6 2. e4 d6 3. Nf3 Nc6 4. Nc3 e5 5. d4 Nxd4 6. Nxd4 exd4 7. Qxd4 Nf6 8. Be2 Be7 9. Bb5+ Bd7 10. O-O Bxb5
11. Nxb5 O-O 12. f4 a6 13. Nc3 c5 14. Qc4 b5 15. Qe2 b4 16. axb4 cxb4 17. Nd1 d5 18. exd5 Bc5+ 19. Kh1 Re8 20. Qc4 Bd6
21. Ne3 Nh5 22. f5 Rc8 23. Qe2 Qh4 24. g3 Nxg3+
0-1

[Event "Thematic 1"]
[Site "SchemingMind.com"]
[Date "2021.07.14"]
[Round "-"]
[White "mochiron"]
[Black "Chessibelle"]
[Result "0-1"]
[WhiteCountry "JPN"]
[BlackCountry "ENG"]
[WhiteElo "1336"]
[WhiteRD "87"]
[BlackElo "1019"]
[BlackRD "59"]
[GameID "713283"]

1. a3 e5 2. h3 Nc6 3. e4 d6 4. Bb5 Bd7 5. d3 g6 6. Nc3 Nf6 7. Bxc6 Bxc6 8. Be3 Be7 9. Nf3 b6 10. Nd5 Bf8
11. Nxf6+ Qxf6 12. O-O Bd7 13. c4 h5 14. b4 c5 15. bxc5 bxc5 16. Bg5 Qe6 17. Bd2 a5 18. a4 Be7 19. Ng5 Qf6 20. Nf3 Qg7
21. Rb1 O-O 22. Nh2 f6 23. f4 f5 24. exf5 Bxf5 25. Rb7 Bxd3 26. Rf3 Bxc4 27. fxe5 dxe5 28. Rxf8+ Qxf8 29. Ng4 hxg4 30. Qxg4 Qf1+
31. Kh2 Kf7 32. Rxe7+ Kxe7 33. Bg5+ Kd6 34. Qe4 Bd5 35. Qxg6+ Be6 36. Qc2 Rg8 37. Qd2+ Kc6 38. Be7 Bd5 39. Qh6+ Kb7
0-1

[Event "Thematic 1"]
[Site "SchemingMind.com"]
[Date "2021.07.14"]
[Round "-"]
[White "Chessibelle"]
[Black "mochiron"]
[Result "0-1"]
[WhiteCountry "ENG"]
[BlackCountry "JPN"]
[WhiteElo "1019"]
[WhiteRD "59"]
[BlackElo "1336"]
[BlackRD "87"]
[GameID "713284"]

1. a3 Nc6 2. e3 Nf6 3. h3 d5 4. d4 Ne4 5. f3 Ng3 6. Rh2 Bf5 7. Nc3 Nxf1 8. Kxf1 e6 9. g4 Bg6 10. Nge2 Be7
11. Ng3 Bd6 12. Rg2 O-O 13. e4 dxe4 14. Ncxe4 Bxg3 15. Nxg3 h6 16. c3 a5 17. b4 axb4 18. Qe1 bxc3 19. Qxc3 Qd5 20. Bb2 Rfe8
21. Rf2 e5 22. Re2 Nxd4 23. Rf2 Qb5+ 24. Kg2 Rad8 25. h4 c5 26. a4 Qc6 27. Raf1 f6 28. h5 Bh7 29. Bc1 e4 30. Re1 exf3+
31. Kh3 Rxe1 32. Qxe1 f5 33. Bf4 fxg4+ 34. Kh2 Nf5 35. Rf1 Nxg3 36. Kxg3 Re8 37. Qc3 Re2 38. Rd1 Rg2+
0-1

[Event "Thematic 1"]
[Site "SchemingMind.com"]
[Date "2021.07.11"]
[Round "-"]
[White "surfnsuds"]
[Black "grabapawn"]
[Result "0-1"]
[WhiteCountry "USA"]
[BlackCountry "USA"]
[WhiteElo "1292"]
[WhiteRD "70"]
[BlackElo "1473"]
[BlackRD "64"]
[GameID "713315"]

1. a3 f5 2. d4 b6 3. Nf3 Bb7 4. Qd3 Be4 5. Qc3 Nc6 6. Bf4 d6 7. Ng5 Qd7 8. e3 e6 9. Bd3 Bxg2 10. Rg1 Bd5
11. Bc4 h6 12. Bxd5 exd5 13. Nf3 g5 14. Bg3 O-O-O 15. Qd3 Nf6 16. c4 Na5 17. b4 Nxc4 18. Nc3 c6 19. Nd2 b5 20. a4 h5
21. axb5 h4 22. Bxh4 Rxh4 23. Nf3 Rh5 24. bxc6 Qxc6 25. Qxf5+ Nd7 26. Rxg5 Rxg5 27. Nxg5 Kb7 28. Ne6 Re8 29. Nxf8 Rxf8 30. Qc2 Nxe3
31. fxe3 Qc4 32. Ra4 Qf1+ 33. Kd2 Rf2+
0-1

[Event "Thematic 1"]
[Site "SchemingMind.com"]
[Date "2021.07.12"]
[Round "-"]
[White "grabapawn"]
[Black "surfnsuds"]
[Result "1-0"]
[WhiteCountry "USA"]
[BlackCountry "USA"]
[WhiteElo "1473"]
[WhiteRD "64"]
[BlackElo "1292"]
[BlackRD "70"]
[GameID "713316"]

1. a3 d5 2. d4 e6 3. Nf3 Be7 4. Nc3 Nc6 5. Bf4 Nf6 6. h3 Bd6 7. Ne5 Nh5 8. e3 O-O 9. Qxh5 f6 10. Bd3 g6
11. Nxg6 Rf7 12. O-O-O f5 13. Ne5 Bxe5 14. dxe5 Qf8 15. Bh6 Qe7 16. f4 a6 17. g4 Bd7 18. g5 Be8 19. Qh4 Qd8 20. Ne2 Rd7
21. Nd4 Kf7 22. Qh5+ Kg8 23. Qh4 Ne7 24. Nxe6 Qc8 25. Nf8 Ng6 26. Nxg6 Bxg6 27. Qg3 d4 28. h4 dxe3 29. Qxe3 Qd8 30. e6 Re7
31. h5 Be8 32. Bxf5 Qc8 33. g6 c6 34. gxh7+ Rxh7 35. Bxh7+ Kxh7 36. Bf8 Qc7 37. Rdg1
1-0

[Event "Thematic 1"]
[Site "SchemingMind.com"]
[Date "2021.07.15"]
[Round "-"]
[White "mochiron"]
[Black "grabapawn"]
[Result "0-1"]
[WhiteCountry "JPN"]
[BlackCountry "USA"]
[WhiteElo "1390"]
[WhiteRD "91"]
[BlackElo "1496"]
[BlackRD "62"]
[GameID "713317"]

1. a3 f5 2. h3 Nf6 3. d4 b6 4. Nf3 Bb7 5. Ne5 d6 6. e3 dxe5 7. Bd2 exd4 8. exd4 Ne4 9. Nc3 Qxd4 10. Nxe4 Bxe4
11. Bd3 e5 12. Bxe4 Qxe4+ 13. Kf1 Nc6 14. f3 Qc4+ 15. Qe2 Qxe2+ 16. Kxe2 Nd4+ 17. Kf2 Bd6 18. c3 Ne6 19. b4 O-O 20. h4 Rae8
21. h5 c5 22. h6 g6 23. bxc5 Nxc5 24. Rad1 Nd3+ 25. Kg3 f4+ 26. Kg4 Nf2+ 27. Kh4 Be7#
0-1

[Event "Thematic 1"]
[Site "SchemingMind.com"]
[Date "2021.07.15"]
[Round "-"]
[White "grabapawn"]
[Black "mochiron"]
[Result "1/2-1/2"]
[WhiteCountry "USA"]
[BlackCountry "JPN"]
[WhiteElo "1526"]
[WhiteRD "61"]
[BlackElo "1336"]
[BlackRD "87"]
[GameID "713318"]

1. a3 Nf6 2. Nc3 c6 3. g3 d5 4. Bg2 Bf5 5. f4 e6 6. d3 Bc5 7. e3 O-O 8. Nge2 h6 9. h3 Nbd7 10. e4 dxe4
11. dxe4 Bh7 12. b4 Be7 13. Bb2 Qb6 14. Na4 Qc7 15. Qd4 a5 16. O-O-O Rad8 17. Qc3 axb4 18. axb4 Nb6 19. Nc5 Bxc5 20. bxc5 Na4
21. Qb3 Rxd1+ 22. Rxd1 Nxc5 23. Qc4 Ncxe4 24. g4 Nd5 25. Bxe4 Bxe4 26. Qxe4 Nf6 27. Bxf6 gxf6 28. Ng3 Qe7 29. h4 Qa3+ 30. Kd2 Rd8+
31. Ke2 Rxd1 32. Kxd1 Qxg3 33. g5 f5 34. Qd4 Qg4+ 35. Kc1 Qxh4 36. Qd8+ Kg7 37. Qf6+ Kg8 38. Qd8+ Kg7=
1/2-1/2

[Event "Thematic 1"]
[Site "SchemingMind.com"]
[Date "2021.07.12"]
[Round "-"]
[White "grabapawn"]
[Black "Abstract Actuary"]
[Result "0-1"]
[WhiteCountry "USA"]
[BlackCountry "USA"]
[WhiteElo "1473"]
[WhiteRD "64"]
[BlackElo "1867"]
[BlackRD "83"]
[GameID "713319"]

1. a3 c5 2. f4 Nc6 3. Nf3 d6 4. b3 Bf5 5. Bb2 Nf6 6. d3 g6 7. h3 Bg7 8. e4 Bd7 9. Nbd2 O-O 10. g4 e6
11. g5 Nh5 12. Bxg7 Kxg7 13. Rg1 Nxf4 14. Nh4 e5 15. Ndf3 Nxh3 16. Rg3 Nf4 17. c3 b5 18. d4 exd4 19. cxd4 Qa5+ 20. Kf2 cxd4
21. Nxd4 Qb6 22. Ke3 Ne6 23. Nf5+ gxf5 24. exf5 Nexd4 25. f6+ Kh8 26. Kf4 Ne6+ 27. Kf3 Ne5+ 28. Kg2 Bc6+ 29. Kh2 Qf2+ 30. Bg2 Nf4
31. Qf1 Qxf1 32. Rxf1 Nxg2 33. Rxg2 Bxg2 34. Kxg2 Rg8 35. Rf5 h6
0-1

[Event "Thematic 1"]
[Site "SchemingMind.com"]
[Date "2021.07.11"]
[Round "-"]
[White "Abstract Actuary"]
[Black "grabapawn"]
[Result "1-0"]
[WhiteCountry "USA"]
[BlackCountry "USA"]
[WhiteElo "1867"]
[WhiteRD "83"]
[BlackElo "1473"]
[BlackRD "64"]
[GameID "713320"]

1. a3 f5 2. b4 e5 3. Bb2 d6 4. c4 Nf6 5. e3 Be7 6. Nc3 Nbd7 7. d4 O-O 8. Bd3 e4 9. Bc2 c6 10. f3 Nh5
11. fxe4 Ndf6 12. exf5 d5 13. cxd5 cxd5 14. Nf3 Ng4 15. Bb3 Rxf5 16. Qe2 Ngf6 17. Bc2 Ne4 18. Nxe4 dxe4 19. Bxe4 Rf8 20. O-O Bg4
21. Qc4+ Kh8 22. Ne5 Nf6 23. Bb1 Rc8 24. Qb3 Bh5 25. Qd3 g6 26. Ba2 Nd5 27. e4 Nf4 28. d5 Nxd3 29. Nxg6+ Kg8 30. d6+
1-0

[Event "Thematic 1"]
[Site "SchemingMind.com"]
[Date "2021.07.15"]
[Round "-"]
[White "grabapawn"]
[Black "maro"]
[Result "1-0"]
[WhiteCountry "USA"]
[BlackCountry "MEX"]
[WhiteElo "1473"]
[WhiteRD "64"]
[BlackElo "1360"]
[BlackRD "63"]
[GameID "713321"]

1. a3 e5 2. e4 d5 3. exd5 Nf6 4. c4 Bc5 5. Nc3 c6 6. b4 Bd4 7. Bb2 Bxc3 8. Bxc3 cxd5 9. Bxe5 Nc6 10. Bc3 d4
11. Bb2 O-O 12. Bd3 Re8+ 13. Ne2 Ng4 14. O-O b6 15. b5 Nce5 16. Be4 Rb8 17. h3 Nf6 18. f3 Nxe4 19. fxe4 d3 20. Nf4 Nxc4
21. Bc3 Rxe4 22. Qh5 Qd6 23. Nxd3 Be6 24. Qg5 f6 25. Rxf6 Rf8 26. Rxe6 Qd7 27. Rxe4 Nd6 28. Re7
1-0

[Event "Thematic 1"]
[Site "SchemingMind.com"]
[Date "2021.07.15"]
[Round "-"]
[White "maro"]
[Black "grabapawn"]
[Result "1-0"]
[WhiteCountry "MEX"]
[BlackCountry "USA"]
[WhiteElo "1360"]
[WhiteRD "63"]
[BlackElo "1473"]
[BlackRD "64"]
[GameID "713322"]

1. a3 f5 2. d3 b6 3. Nf3 Bb7 4. Bf4 Nf6 5. e4 fxe4 6. dxe4 Nxe4 7. Ne5 g6 8. Bc4 d5 9. Bb5+ c6 10. Ba4 e6
11. O-O b5 12. Bb3 Be7 13. Qf3 O-O 14. Qe3 c5 15. f3 d4 16. Qe2 Ng5 17. Bxg5 Bxg5 18. Bxe6+ Kg7 19. Qxb5 Bd5 20. Bg4 Qd6
21. Re1 Nc6 22. Nc4 Bf4 23. Nxd6 Bxd6 24. c4 Rab8 25. Qa4 Ne5 26. cxd5 Rxb2 27. Qxa7+ Kh6 28. Qa6 Bc7 29. d6 Nxf3+ 30. Bxf3 Bd8
31. d7 Rxf3 32. gxf3 Bc7 33. Re2
1-0

[Event "Thematic 1"]
[Site "SchemingMind.com"]
[Date "2021.07.10"]
[Round "-"]
[White "grabapawn"]
[Black "Chessibelle"]
[Result "1-0"]
[WhiteCountry "USA"]
[BlackCountry "ENG"]
[WhiteElo "1473"]
[WhiteRD "64"]
[BlackElo "1029"]
[BlackRD "58"]
[GameID "713323"]

1. a3 e5 2. b4 b5 3. Bb2 d6 4. e4 g6 5. f4 f6 6. f5 gxf5 7. Qh5+ Kd7 8. Nc3 c6 9. a4 Nh6 10. axb5 c5
11. bxc5 dxc5 12. Nf3 Kc7 13. Bc4 Bd7 14. Nd5+ Kb7 15. O-O f4 16. Qh4 Be6 17. b6 a6 18. Nc7 Nc6 19. Nxa8 Qxa8 20. Rxa6 Qd8
21. Bb5 Nd4 22. Nxd4 exd4 23. Qxf4 Nf7 24. Rfa1 Bd6 25. e5 Bxe5 26. Qf3+ Bd5 27. Qa3 Qd6 28. Ra7+ Kc8 29. Ba6+ Kd8 30. b7 Bxh2+
31. Kh1 Ke8 32. Re1+ Kf8 33. Ra8+ Kg7 34. Rxh8 Nxh8 35. b8=Q Bxg2+ 36. Kxg2 Qxb8 37. Re7+ Nf7 38. Bc4 Bd6 39. Rxf7+ Kh8 40. Qh3 Qg8+
41. Kf3 Qg6 42. Qc8+
1-0